| 000 | 00592nas a2200193 a 4500 | ||
|---|---|---|---|
| 001 | 000036979 | ||
| 003 | DLC | ||
| 005 | 20210415093035.0 | ||
| 008 | 120207c19819999dr mr1pdd 0 z0spa d | ||
| 040 |
_aDO-SdBNP _bspa _cBNPHU |
||
| 043 | _anwdr | ||
| 245 | 0 | 0 | _aTarea. |
| 260 |
_aSanto Domingo : _bPartido Revolucionario Dominicano, _c1981 -. |
||
| 300 |
_av. : _bil. ; _c22 cm. |
||
| 310 | _aMensual | ||
| 362 | 1 | _aAño 1. Núm. 2. (junio de 1981). | |
| 650 | 4 |
_aPolítica _vPUBLICACIONES PERIÓDICAS _zRepública Dominicana _963364 |
|
| 650 | 0 |
_aPARTIDO REVOLUCIONARIO DOMINICANO _xHISTORIA _98375 |
|
| 999 |
_c36469 _d36469 |
||